Digital signal processing (Record no. 9295)

MARC details
000 -LEADER
fixed length control field 00466nam a2200217Ia 4500
001 - CONTROL NUMBER
control field 087726
003 - CONTROL NUMBER IDENTIFIER
control field YMCAF
005 - DATE AND TIME OF LATEST TRANSACTION
control field 20230512161625.0
008 - FIXED-LENGTH DATA ELEMENTS--GENERAL INFORMATION
fixed length control field 100717s2004 ||||||||||||||||| ||und|d
024 ## - OTHER STANDARD IDENTIFIER
Standard number or code 87726
035 ## - SYSTEM CONTROL NUMBER
System control number 27185
040 ## - CATALOGING SOURCE
Original cataloging agency YMCAF
Language of cataloging eng
Transcribing agency IN-KoLT
041 ## - LANGUAGE CODE
Language code of text/sound track or separate title eng
082 ## - DEWEY DECIMAL CLASSIFICATION NUMBER
Classification number 621.382
Item number 2 SAL
100 ## - MAIN ENTRY--PERSONAL NAME
Personal name Vallavaraj, A
245 #0 - TITLE STATEMENT
Title Digital signal processing
250 ## - EDITION STATEMENT
Edition statement 10th
260 ## - PUBLICATION, DISTRIBUTION, ETC.
Name of publisher, distributor, etc. TMH
Date of publication, distribution, etc. 2004
300 ## - PHYSICAL DESCRIPTION
Extent 808
942 ## - ADDED ENTRY ELEMENTS (KOHA)
Source of classification or shelving scheme Dewey Decimal Classification
Koha item type Books
Holdings
Withdrawn status Lost status Damaged status Not for loan Home library Current library Date acquired Cost, normal purchase price Total Checkouts Total Renewals Barcode Date last seen Date last checked out Cost, replacement price Price effective from Koha item type Public note G Date due
        JC Bose University of Science & Technology JC Bose University of Science & Technology 17/07/2010 225.00 1 1 WB992 04/06/2025 12/05/2025 225.00 12/05/2023 Books C 601307  
  Lost     JC Bose University of Science & Technology JC Bose University of Science & Technology 17/07/2010 225.00     27185 12/05/2023   225.00 12/05/2023 Books C 15811  
        JC Bose University of Science & Technology JC Bose University of Science & Technology 17/07/2010 225.00     27186 12/05/2023   225.00 12/05/2023 Books C 15811  
        JC Bose University of Science & Technology JC Bose University of Science & Technology 17/07/2010 225.00 4 2 27187 06/12/2025 04/11/2025 225.00 12/05/2023 Books C 15811  
        JC Bose University of Science & Technology JC Bose University of Science & Technology 17/07/2010 225.00 1   27188 28/11/2024 28/11/2024 225.00 12/05/2023 Books C 15811  
        JC Bose University of Science & Technology JC Bose University of Science & Technology 17/07/2010 225.00 1   27189 17/03/2025 24/02/2025 225.00 12/05/2023 Books C 15811  
        JC Bose University of Science & Technology JC Bose University of Science & Technology 17/07/2010 225.00 5 3 28371 06/12/2023 23/11/2023 225.00 12/05/2023 Books C 13955  
        JC Bose University of Science & Technology JC Bose University of Science & Technology 17/07/2010 225.00 4 3 28372 05/12/2025 04/11/2025 225.00 12/05/2023 Books C 13955  
        JC Bose University of Science & Technology JC Bose University of Science & Technology 17/07/2010 225.00 12 3 28373 12/03/2026 12/03/2026 225.00 12/05/2023 Books C 13955 30/05/2026
        JC Bose University of Science & Technology JC Bose University of Science & Technology 17/07/2010 225.00 1 1 28374 26/09/2023 25/08/2023 225.00 12/05/2023 Books C 13955  
        JC Bose University of Science & Technology JC Bose University of Science & Technology 17/07/2010 225.00 2 1 28375 17/12/2025 25/11/2025 225.00 12/05/2023 Books C 13955  
        JC Bose University of Science & Technology JC Bose University of Science & Technology 17/07/2010 225.00 3   WB991 13/10/2023 13/10/2023 225.00 12/05/2023 Books C 601307 13/11/2023